|
|
|
|
| LEADER |
00721cam a2200205 7i4500 |
| 001 |
0000046701 |
| 005 |
20241128090000.0 |
| 020 |
|
|
|a 9679427641
|
| 090 |
0 |
0 |
|a JQ1499.A38
|b L64 2006
|
| 100 |
3 |
|
|a Lee, Poh Ping
|
| 245 |
1 |
4 |
|a The emerging East Asian community :
|b security & economic issues
|c Lee Poh Ping, Tham Siew Yean and George T. Yu.
|
| 260 |
|
|
|a Bangi, Selangor:
|b Penerbit UKM,
|c 2006.
|
| 300 |
|
|
|a 344 p.
|
| 500 |
|
|
|a Gift: Zainol Ahmad Resource Center
|
| 650 |
0 |
0 |
|a Regionalism --
|z East Asia
|
| 651 |
|
0 |
|a East Asia --
|x Politics and government
|
| 651 |
|
0 |
|a East Asia --
|x Economic conditions
|
| 700 |
3 |
|
|a Tham, Siew Yean
|
| 700 |
1 |
|
|a Yu, George T
|
| 999 |
|
|
|a 0000067570
|b BOK
|c OPEN SHELF
|e 1st Floor, Bestari Jaya
|